LEADER 00553nab a2200145 i 4500 001 000000317297 003 CaOOAMICUS 005 20180831173226.0 008 180831n xx uu u0 0und r 013 $a26378 040 $aSeMil$bita 100 1 $aComo, Giuseppe,$d<1961- >.$0(OLS)http://semarc/name/44220 245 10$a[RECENSIONE: Louf..., Cantare la vita. Conversazioni con Stčph..., 2002]. 773 0 $t[Gennaio-Dicembre].$g860-862$w()273995 996 $6245$a[RECENSIONE: Louf..., Cantare la vita. Conversazioni con Stčph..., 2002]$9(OLS)http://semarc/title/391273 LEADER 01200nam a2200277 i 4500 001 000000127697 003 CaOOAMICUS 005 20040624000000.0 008 040624s2003 it u000 u ita u 013 $a100411 020 $a88-315-2409-7 040 $aSeMil$bita 100 1 $aSecondin, Bruno <1940- >.$0(OLS)http://semarc/name/89102 245 10$aCome lievito nella pasta :$bla formazione in un mondo che cambia /$cBruno Secondin ... [et al.]. 260 $aMilano :$bPaoline,$c2003. 300 $a135 p. ;$c21 cm. 490 0 $aSentinelle di frontiera ;$v4 650 4$aEducazione - Studi.$0(OLS)http://semarc/subject/1420 650 4$aVita consacrata - Formazione.$0(OLS)http://semarc/subject/13770 830 0$aSentinelle di frontiera ;$v4.$0(OLS)http://semarc/title/15940 850 $aSeMil 852 $aSeMil$W1$xVenegono$y1$m2Q III 517$j81970$B81970$CSeMilBibl$Z2$F86883 $81 961 $aRecupero: Seminario di Seveso 996 $6020$a88-315-2409-7$9(OLS)http://semarc/number/114177 996 $6245$aCome lievito nella pasta :$bla formazione in un mondo che cambia$9(OLS)http://semarc/title/408044 996 $6260$aMilano :$bPaoline$9(OLS)http://semarc/publisher/29684 LEADER 00970nam a2200193 i 4500 001 000000179886 003 CaOOAMICUS 005 20090617000000.0 008 090617s2003 it u000 u ita u 013 $a157494 040 $aSeMil$bita 245 10$a73 Localitą corredate da piante e informazioni per il viaggio :$bFrancia, Spagna, Portogallo, Belgio, Lussemburgo, Paesi Bassi, Gran Bretagna, Irlanda /$ccon prefazione di Romano Prodi. 300 $a368 p. :$bill. 700 1 $aProdi, Romano,$d<1939- >.$0(OLS)http://semarc/name/40122 773 0 $tEuropa.$dMilano : Touring Club Italiano, copyr. 2003-[200?]$g1$w()21503 850 $aSeMil 852 $aSeMil$W1$xVenegono$y1$m4Y V 22$j130641$B130641$CSeMilBibl$Z2$F142302 $81 961 $aOmaggio: Giuliani don Angelo 996 $6245$a73 Localitą corredate da piante e informazioni per il viaggio :$bFrancia, Spagna, Portogallo, Belgio, Lussemburgo, Paesi Bassi, Gran Bretagna, Irlanda$9(OLS)http://semarc/title/258286